000 01661nam a2200421 a 4500
005 20250819162503.0
008 100804t2016||||ag a f |||| 001 0 spa d
020 _a9789871860302
041 _aspa
092 _c616.025
_l92
_sVIL
100 1 _aVillavicencio, Carlos
_9929
245 3 _aProcedimientos de urgencia y emergencia en pacientes adultos /
_cCarlos Villavicencio
250 _a1a ed.
260 _aBuenos Aires:
_bCorpus;
_c2016.
300 _a460 p.
_bil.
_c24x16cm
500 _aVillavicencio, C. (2016). Procedimientos de urgencia y emergencia en pacientes adultos. (1a ed.). Buenos Aires : Corpus.
653 _aProcedimientos sobre la vía aérea
653 _aProcedimientos sobre los ojos
653 _aProcedimientos sobre la nariz y los oídos
653 _aProcedimientos sobre el aparato respiratorio
653 _aProcedimientos sobre el aparato cardiovascular
653 _aProcedimientos sobre el apato digestivo y el abdomen
653 _aProcedimientos sobre el aparato urinario
653 _aProcedimientos ginecológicos y obstétricos
653 _aProcedimientos sobre el sistema nervioso central
653 _aProcedimientos sobre la piel y el tejido subcutáneo
653 _aProcedimientos sobre el sistema músculo-esquelético
653 _aAdministración de medicamentos
653 _aObtención de muestras para cultivo
653 _aIncidentes de materiales peligrosos
653 _aTriage
653 _aProcedimientos de inmovilización
653 _aTraslado de pacientes críticos
653 _aBioseguridad
653 _aDesastres
653 _aMisceláneas
942 _2ddc
_cBK
999 _c3303
_d3303